000 00271nam a2200109Ia 4500
001 588895
005 20250717120839.0
008 250717s9999 xx 000 0 und d
245 0 _aY-7 CELALEDDİN KARATAY
_cZEHRA ODABAŞI
260 _bERDEM YAYINLARI
_c2018
300 _b93
999 _c588895
_d588895